Statistics for Unique Letter States/Provinces for US and Canada

Click here to take the quiz!

General Stats

  • This quiz has been taken 78 times
    (35 since last reset)
  • The average score is 9 of 10

Answer Stats

HintAnswer% Correct
CAQuebec
100%
CAYukon
97%
CABritish Columbia
91%
USHawaii
88%
USRhode Island
88%
USUtah
88%
USFlorida
85%
USGeorgia
85%
USDelaware
79%
USLouisiana
79%

Score Distribution

Percentile by Number Answered

Percent of People with Each Score

Your Score History

You have not taken this quiz since the last reset